000 00419nam a2200181Ia 4500
001 9739
005 20260306161740.0
008 260306t2014||||xx |||||||||||||| ||spa||
041 _aESP
082 _a410
_bL87
100 _aLópez Alonso, Covadonga
_eAUT
245 0 _aAnálisis del discurso
260 _c2014
300 _a300 páginas :
_c23 cm.
650 _aGEN
654 _aCED
942 _cLIB
_dJUS
_fJUS
_2ddc
_n
999 _c9739
_d9739